| 000 | 00991cam a2200313 i 4500 | ||
|---|---|---|---|
| 999 |
_c200444153 _d62365 |
||
| 001 | 200444153 | ||
| 003 | TR-AnTOB | ||
| 005 | 20220930154945.0 | ||
| 007 | ta | ||
| 008 | 061008s1965 tu 000 0 tur d | ||
| 035 | _a(TR-AnTOB)200444153 | ||
| 040 |
_aITU _beng _erda _cITU _dTR-AnTOB |
||
| 041 | 0 | _atur | |
| 050 | 4 |
_aHD31 _b.I84 1965 |
|
| 090 |
_aHD31 _b.I84 1965 |
||
| 100 | 1 |
_aIşıl, Bedri _eauthor _9133068 |
|
| 245 | 1 | 0 |
_aTicari-sınai işletmeler ile bankalar ve iktisadi devlet teşekküllerinde reorganizasyon ve modern sevk ve idare / _cBedri Işıl. |
| 246 | 3 | 0 | _aReorganizasyon ve modern sevk ve idare. |
| 264 | 3 |
_aAnkara : _bAyyıldız Matbaası, _c1965. |
|
| 300 |
_a160 pages ; _c24 cm |
||
| 336 |
_atext _btxt _2rdacontent |
||
| 337 |
_aunmediated _bn _2rdamedia |
||
| 338 |
_avolume _bnc _2rdacarrier |
||
| 650 | 7 |
_aYönetim _2etuturkob _955081 |
|
| 740 | 0 | _aİnsan münasebetleri. | |
| 942 |
_2lcc _cBK |
||